000
00348 a2200169 4500
001
171654
020
_a
85-16-00641-7
040
_c
Magnum
100
_a
Nicola, José de
240
1
0
_a
Pedro pica-pau
_l
por
245
1
0
_a
Pedro pica-pau
300
_a
24
362
0
_a
1992
440
1
_a
Moderna
697
_a
LITERATURA INFANTIL
942
_c
BK
999
_c
171654
_d
171654